| 000 | 00916nam a2200277Ia 4500 | ||
|---|---|---|---|
| 008 | 170203s9999 xx 000 0 und d | ||
| 020 | _a0-439530458 | ||
| 050 | _aFic | ||
| 050 | _b.C637 2004 | ||
| 100 | _aHerman, Gail | ||
| 245 | _aClifford finds a clue / | ||
| 245 | _cadapted by Gail Herman from the television script "To catch a bird" by Meg McLaughlin ; illustrated by Steve Haefele ; based on the Scholastic book series "Clifford the big red dog" by Norman Bridwell. | ||
| 260 | _aNew York : | ||
| 260 | _bScholastic Inc. | ||
| 260 | _c2004 | ||
| 300 | _a62 pages; | ||
| 300 | _bcolor illustrations ; | ||
| 300 | _c20 cm. | ||
| 440 | _a Clifford big red chapter book. | ||
| 650 | _aClifford (Fictitious character : Bridwell) -- | ||
| 650 | _aDogs -- | ||
| 650 | _aLost and found possessions -- | ||
| 650 | _xFiction. | ||
| 650 | _xJuvenile fiction. | ||
| 650 | _xJuvenile fiction. | ||
| 999 |
_c306143 _d306143 |
||